Top 10 of everything 2010 / (Record no. 109536)
[ view plain ]
| 000 -LEADER | |
|---|---|
| fixed length control field | 00373nam a2200133 a 4500 |
| 005 - DATE AND TIME OF LATEST TRANSACTION | |
| control field | 20140414093845.0 |
| 008 - FIXED-LENGTH DATA ELEMENTS--GENERAL INFORMATION | |
| fixed length control field | 091020s19uu xx 00 eng d |
| 050 ## - LIBRARY OF CONGRESS CALL NUMBER | |
| Classification number | CD 031.02 |
| Item number | TOP 2009 |
| 100 ## - MAIN ENTRY--PERSONAL NAME | |
| Personal name | Ash, Russell |
| 245 ## - TITLE STATEMENT | |
| Title | Top 10 of everything 2010 / |
| Statement of responsibility, etc | Russell Ash. |
| 650 ## - SUBJECT ADDED ENTRY--TOPICAL TERM | |
| Topical term or geographic name as entry element | Curiosities and wonders |
| General subdivision | World record |
| -- | Miscellanea. |
| 942 ## - ADDED ENTRY ELEMENTS (KOHA) | |
| Koha item type | Audio Visual Materials |
| Withdrawn status | Lost status | Damaged status | Home library | Current library | Shelving location | Date acquired | Source of acquisition | Cost, normal purchase price | Total Checkouts | Full call number | Barcode | Date last seen | Price effective from | Koha item type |
|---|---|---|---|---|---|---|---|---|---|---|---|---|---|---|
| Luxembourg Library | Luxembourg Library | Audio Visual Material Section | 10/20/2009 | 715.00 | CD 031.02 TOP 2009 | AV1186 | 04/14/2014 | 04/14/2014 | Audio Visual Materials |